00833nam a2200241Ia 4500003000900000008004100009020001800050040001600068080002100084245011500105260003700220300001400257650001800271650004900289650002200338650002200360700002900382700002900411700003200440942000700472999001500479952009700494IN-BaIIA211028s9999 xx 000 0 eng d a0-8243-0910-3 cIIA Library a047.1:52bARA-10 0aAnnual review of astronomy and astrophysicsbvol. 10cedited by Leo Goldberg, David Layzer and John G. Philips aCaliforniabAnnual Reviewsc1972 aix, 513p. aAstronomy980 aAstronomy and Astrophysics Thesaurus 91143 aAstrophysics9794 aPeriodicals98957 aGoldberg, Leo, ed.94090 aLayzer, David, ed.94091 aPhilips, John G., ed.97607 cBK c5041d5041 00104070aBANbKAVcGENd1976-09-16l0o047.1:52/ ARA-10p5631r2021-11-05w1976-09-16yBK